| 000 | 00579nam a2200217 a 4500 | ||
|---|---|---|---|
| 001 | BRCA_7276 | ||
| 005 | 20190320205757.0 | ||
| 008 | 270112s1921----gw-a######---#000-0#ger-# | ||
| 041 | _agerg | ||
| 044 | _agw | ||
| 050 | 4 |
_aBF639 _b.T6615 |
|
| 100 | 1 |
_aTrine, Ralph Waldo _d1866-1958 _918010 |
|
| 245 | 1 | 0 |
_aGeistige und seelische hochspannung. _cRalph Waldo Trine. |
| 260 |
_aStuttgart _bJ. Engelhorns Nachf _c1921 |
||
| 300 |
_a179 p. _c20 cm. |
||
| 500 | _aP35 | ||
| 650 | 1 | 4 |
_aNuevo pensamiento _918011 |
| 650 | 1 | 4 |
_aMente y cuerpo _915886 |
| 902 | _aGFM | ||
| 942 |
_2lcc _cB |
||
| 999 |
_c6954 _d6954 |
||